000 00340nam a2200121Ia 4500
008 220120s9999||||xx |||||||||||||| ||und||
100 _aSilberschatz, Abraham and others
245 0 _aOperating sy ems concepts
250 _a6th
260 _aJohn wiely & sons Inc.
_bNew Delhi
_c2007
300 _aXIV,433p
_b300
650 _aCOMPUTER SCIENCE
999 _c132362
_d132362